| 000 | 01539nam a2200313 i 4500 | ||
|---|---|---|---|
| 001 | 768714001 | ||
| 003 | CO-MdFUSB | ||
| 005 | 20211104094556.0 | ||
| 007 | ta | ||
| 008 | 200708t sp |||| |||| 00| 0 spa d | ||
| 020 | _a8472286398 | ||
| 040 |
_aCO-MdFUSB _bspa _cCO-MdFUSB _dCO-MdFUSBC _erda |
||
| 041 |
_aspa _heng |
||
| 082 |
_223 _a232 _bM848 |
||
| 100 |
_aMorgan, G. Campbell _d1863-1945 _eautor |
||
| 240 | _aThe crises of the christ | ||
| 245 | 1 | 4 |
_aLas crisis de Cristo _b: desde su nacimiento hasta la tentación _c/ G. Campbell Morgan ; traducido por Alfredo Lionel Hunt |
| 264 |
_aEspaña : _bEdiciones Hebron, _c[Fecha de publicación no identificada] |
||
| 300 |
_cTomo 1 ,150 páginas ; _a19 cm |
||
| 336 |
_2rdacontent _atexto _btxt |
||
| 337 |
_2rdamedia _asin mediación _bn |
||
| 338 |
_2rdacarrier _avolumen _bnc |
||
| 505 | _aLa necesidad de cristo - El hombre caído -- El hombre distanciado por el pecado -- El hombre ignorante de Dios a causa del pecado -- El hombre en pecado no es semejante a Dios -- El nacimiento -- El gran ministerios - Dios Hombre -- El significado - Dios Estaba en Cristo -- Señales a los hijos de los hombres -- El bautismo -- La división del camino -- Luz sobre los años ocultos de Nazaret -- La visión de Juan -- La tentación - La primera tentación -- La segunda tentación -- La tercera tentación -- Conclusión- | ||
| 563 | _aRústico | ||
| 650 | 7 |
_9239 _aCristología |
|
| 700 |
_95210 _aHunt, Alfredo Lionel _etraductor |
||
| 942 | _cBK | ||
| 945 | _aDani | ||
| 999 |
_c66487 _d66487 |
||